Hadestown #5 - Epic I - Lyrics - Statistics

General Stats
  • This quiz has been taken 42 times
  • The average score is 231 of 305
Answer Stats
Character What they sing % Correct
Orpheus I
100%
A
97%
a
97%
So
97%
the
94%
Hermes | Orpheus The
94%
be
90%
Hermes Hades
90%
he
90%
He
90%
in
90%
Hermes In
90%
la
90%
la...
90%
Orpheus La
90%
Orpheus La
90%
to
90%
Who
90%
an
87%
and
87%
And
87%
And
87%
And
87%
it
87%
Orpheus King
87%
king
87%
love
87%
of
87%
Of
87%
Persephone
87%
song
87%
that
87%
you
87%
Hermes You
87%
don't
84%
for
84%
go
84%
Hermes Go
84%
Underworld
84%
was
84%
Where
84%
where
84%
As
81%
as
81%
her
81%
know,
81%
me
81%
But
77%
fell
77%
On
77%
on...
77%
on
77%
She
77%
she
77%
sun
77%
sun,
77%
with
77%
beautiful
74%
from
74%
is
74%
ago
71%
down
71%
Hermes Down
71%
have
71%
heard
71%
him
71%
his
71%
It's
71%
lady
71%
light
71%
long
71%
Long
71%
melody?
71%
melody
71%
shadows
71%
time
71%
up
71%
we
71%
would
71%
above
68%
above,
68%
before?
68%
Before
68%
came
68%
get
68%
tale
68%
Hermes | Orpheus Tell
68%
their
68%
walk
68%
walked
68%
world
68%
Orpheus You've
68%
all
65%
below
65%
bright
65%
field
65%
green
65%
half
65%
half,
65%
mother's
65%
not
65%
old
65%
one
65%
'round?
65%
since
65%
Hermes Singing...
65%
could
61%
each
61%
flower
61%
flowers
61%
if
61%
other
61%
there
61%
though
61%
turn,
61%
twice
61%
were
61%
Hermes Where'd
61%
year
61%
again
58%
along
58%
how
58%
known
58%
made
58%
now
58%
Hermes Remember
58%
remember
58%
stay
58%
them,
58%
them
58%
they
58%
this
58%
told
58%
about
55%
burned
55%
gathering
55%
Gods?
55%
Gods
55%
grow
55%
more
55%
road
55%
seasons
55%
took
55%
agreed
52%
come
52%
kingdom
52%
never
52%
seed
52%
shades
52%
shared
52%
sickle
52%
used
52%
without
52%
anyone
48%
become
48%
home
48%
I'd
48%
lives
48%
queen
48%
sang
48%
shone
48%
Hermes Sure
48%
cycle
45%
people
45%
Orpheus Which
45%
once
42%
ones?
42%
birds
39%
harmony
39%
rhythm
39%
Orpheus Yeah,
35%
flight
32%
No matching quizzes found
Score Distribution
Percent of People with Each Score
Percentile by Number Answered
Your Score History
You have not taken this quiz